000
00253nam a2200097Ia 4500
001
687446
005
20250826161556.0
008
250824s9999 xx 000 0 und d
245
0
_a
BENİM ADIM HİÇ KİMSE
_c
FRANK COTTRELL BOYCE
260
_b
TUDEM YAYINLARI
999
_c
687446
_d
687446